Firemné plánovanie Materiály k cvičeniam
Guardado en:
| Autor principal: | |
|---|---|
| Autor Corporativo: | |
| Formato: | Libro |
| Lenguaje: | eslovaco |
| Publicado: |
Bratislava
Ekonóm
1996
|
| Edición: | 1. vyd. |
| Materias: | |
| Etiquetas: |
Sin Etiquetas, Sea el primero en etiquetar este registro!
|
MARC
| LEADER | 00000nam a2200000 4500 | ||
|---|---|---|---|
| 001 | c012511 | ||
| 005 | 20221214071044.0 | ||
| 020 | |a 80-225-0732-6 | ||
| 041 | 0 | |a slo | |
| 044 | |a SK | ||
| 245 | 1 | 0 | |a Firemné plánovanie |b Materiály k cvičeniam |c Miroslav Grznár a kol. |
| 250 | |a 1. vyd. | ||
| 264 | 1 | |a Bratislava |b Ekonóm |c 1996 | |
| 300 | |a 169 s. | ||
| 610 | 2 | 0 | |a plánovanie |
| 610 | 2 | 0 | |a plán |
| 610 | 2 | 0 | |a firmy |
| 610 | 2 | 0 | |a plán podnikový |
| 610 | 2 | 0 | |a marketing |
| 610 | 2 | 0 | |a kontrola |
| 610 | 2 | 0 | |a výroba |
| 610 | 2 | 0 | |a zásoby |
| 610 | 2 | 0 | |a investície |
| 610 | 2 | 0 | |a financovanie |
| 610 | 2 | 0 | |a súvaha |
| 610 | 2 | 0 | |a výkazy účtovné |
| 610 | 2 | 0 | |a plánovanie personálne |
| 610 | 2 | 0 | |a kapacita výrobná |
| 100 | 1 | |a Grznár, Miroslav | |
| 710 | 2 | |a Ekonomická univerzita v Bratislave. Fakulta podnikového manažmentu | |